রুহান রুহান / (Record no. 179)
[ view plain ]
| 000 -LEADER | |
|---|---|
| fixed length control field | 00643aaa a2200217 4500 |
| 001 - CONTROL NUMBER | |
| JCCL Control Number | 179 |
| 003 - CONTROL NUMBER IDENTIFIER | |
| JCCL marc code | BD-JhCC |
| 005 - DATE AND TIME OF LATEST TRANSACTION | |
| control field | 20171002115753.0 |
| 008 - FIXED-LENGTH DATA ELEMENTS--GENERAL INFORMATION | |
| fixed length control field | 171002s20062011bana|||| |||| 00| 0 eng d |
| 020 ## - INTERNATIONAL STANDARD BOOK NUMBER | |
| International Standard Book Number | 9844582587 |
| 035 ## - SYSTEM CONTROL NUMBER | |
| system control number | (BD-JhCC)179 |
| 040 ## - CATALOGING SOURCE | |
| Original cataloging agency | BD-JhCC |
| Modifying agency | BD-JhCC |
| 041 ## - LANGUAGE CODE | |
| Language code of Book | bg |
| 082 ## - DEWEY DECIMAL CLASSIFICATION NUMBER | |
| Classification number | 891.4 |
| Author mark and Year | IQB 2011 |
| 100 ## - MAIN ENTRY--PERSONAL NAME | |
| Personal name | জাফর, মুহাম্মদ |
| 245 ## - TITLE STATEMENT | |
| Title | রুহান রুহান / |
| Statement of responsibility, etc | মুহাম্মদ জাফর ইকবাল |
| 260 ## - PUBLICATION, DISTRIBUTION, ETC. (IMPRINT) | |
| Place of publication, distribution, etc | ঢাকা: |
| Name of publisher, distributor, etc | সময় প্রিন্টার্স, |
| Date of publication, distribution, etc | 2011 |
| 300 ## - PHYSICAL DESCRIPTION | |
| Pagination | 150 p.: |
| Dimensions | 26 cm. |
| 942 ## - ADDED ENTRY ELEMENTS (KOHA) | |
| Source of classification or shelving scheme | Dewey Decimal Classification |
| Koha item type | Books |
| Source of classification or shelving scheme | Damaged status | Not for loan | Home library | Current library | Shelving location | Date of accession | Source of acquisition | Cost, normal purchase price | Total Checkouts | Full call number | Barcode | Date last seen | Date checked out | Copy number | Koha item type |
|---|---|---|---|---|---|---|---|---|---|---|---|---|---|---|---|
| Dewey Decimal Classification | JCC Rouf Library | JCC Rouf Library | General Stacks | 10/02/2017 | IPDC | 200.00 | 4 | 891.4 IQB2011 | 1396 | 10/25/2023 | 10/17/2023 | C-1 | Books |